Statistics for Selena Gomez Song Antonyms

Click here to take the quiz!

General Stats

  • This quiz has been taken 263 times
  • The average score is 10 of 15

Answer Stats

HintAnswer% Correct
Bad For MeGood For You
96%
Speed UpSlow Down
90%
DrunkSober
86%
Different New HateSame Old Love
82%
Bear It Without RudenessKill Em With Kindness
78%
Hate Me Dislike A Hate DanceLove You Like A Love Song
77%
The Brain Spurns What They SpurnThe Heart Wants What It Wants
72%
You & Your BoysMe & My Girls
71%
Feet From YourselfHands To Myself
70%
ArtificiallyNaturally
69%
A Moment With SnowA Year Without Rain
59%
Lose The DarksHit The Lights
50%
Leave And Give ThemCome & Get It
41%
DestructionRevival
22%
They Are YouIt Ain't Me
19%

Score Distribution

Percentile by Number Answered

Percent of People with Each Score

Your Score History

You have not taken this quiz